LEADER 01013nam a2200229 i 4500 001 000000207644 003 CaOOAMICUS 005 20210713170920.0 008 111103s1920 it u000 u ita u 013 $a186427 040 $aSeMil$bita 245 13$aLa battaglia del Piave (15-23 giugno 1918) /$cRegio Esercito Italiano Comando Supremo. 264 1$aRoma :$bTip. Cuggiani,$c1920. 300 $a61 p., [10] c. di tav. ripieg. ;$c25 cm. 650 4$aGuerra mondiale <1914-1918> - Battaglie.$0(OLS)http://semarc/subject/50629 650 4$aBattaglie del Piave <1917-1918>.$0(OLS)http://semarc/subject/4095 700 1 $aItalia : Comando supremo del Regio esercito <1915-1918>.$0(OLS)http://semarc/name/74541 850 $aSeMil 852 $aSeMil$W1$xVenegono$y1$m3U IV 87$j158103$B158103$CSeMilBibl$Z2$F169345 $81 996 $6245$aLa battaglia del Piave (15-23 giugno 1918)$9(OLS)http://semarc/title/300262 996 $6264$aRoma :$bTip. Cuggiani$9(OLS)http://semarc/publisher/50153 LEADER 01131nam a2200265 i 4500 001 000000110246 003 CaOOAMICUS 005 20050217000000.0 008 050217s2000 it u000 u ita u 013 $a82927 020 $a88-8340-028-3 040 $aSeMil$bita 100 1 $aPedroli Piazza, Anna.$0(OLS)http://semarc/name/46251 245 10$aColmegna :$bripercorrendo gli antichi approdi /$cAnna Pedroli Piazza ; Emilio Rossi. 260 $aAzzate (Varese) :$bMacchione,$ccopyr. 2000. 300 $a144 p., [12] p. di tav. a colori :$bill. ;$c28 cm. 500 $aContiene : Bibliografia. 650 4$aLuino - Colmegna - Storia.$0(OLS)http://semarc/subject/19610 700 1 $aRossi, Emilio.$0(OLS)http://semarc/name/46252 850 $aSeMil 852 $aSeMil$W1$xVenegono$y1$m3P V 303$j66151$B66151$CSeMilBibl$Z2$F93101 $81 961 $aLascito: Citterio Ecc. Bernardo 996 $6020$a88-8340-028-3$9(OLS)http://semarc/number/91920 996 $6245$aColmegna :$bripercorrendo gli antichi approdi$9(OLS)http://semarc/title/160231 996 $6260$aAzzate (Varese) :$bMacchione$9(OLS)http://semarc/publisher/31933